• 首页
  • 本馆介绍
  • 公告通知
  • 最新文献
  • 馆藏检索
  • 电子资源
  • 读者导购
  • 参考咨询
  • 我的图书馆
  • 登录
  • 详细信息显示
  • 放入我的书架
  • 预约/预借图书
  • 作者相关作品
  • 分类相关作品
  • 丛书相关作品
  • 出版社相关作品

书目信息

  • 表格格式
  • 工作单格式
  • 卡片格式
题名:
直流发动机实际应用技巧
    
 
作者: 日谷腰欣司 著 ;王益全 译
分册:  
出版信息: 北京   科学出版社  2006
页数: 227页
开本: 20cm
丛书名:
单 册:
中图分类: TM33-64
科图分类:
主题词: 直流电机
电子资源:
ISBN: 7-03-017498-4
000 00625nam0 2200193 450
001 0735592734
005 20070906095312.73
010    @a7-03-017498-4@d¥35.00
100    @a20070906d km y0chiy0120 ea
101 0  @achi
200 1  @a直流发动机实际应用技巧@Azhi liu fa dong ji shi ji ying yong ji qiao@f[日]谷腰欣司著@F[ri]gu yao xin si zhu@g王益全译@Gwang yi quan yi
210    @a北京@c科学出版社@d2006
215    @a227页@d20cm
606 0  @a直流电机
690    @aTM33-64@v3
701  0 @a日谷腰欣司@Ari gu yao xin si@4著
702  0 @a王益全@Awang yi quan@4译
801  0 @aCN@bPFT@c20070906
905    @a213230@dTM33-64@eP7:8@f1
    
    直流发动机实际应用技巧/[日]谷腰欣司著/王益全译.-北京:科学出版社,2006
    227页;20cm
    
    
    ISBN 7-03-017498-4:¥35.00
    
●
相关链接 在E读中查询图书 在五车中查询图书 在当当中查询图书 在豆瓣中查询图书


正题名:直流发动机实际应用技巧     索取号:TM33-64/P7:8         预约/预借

序号 登录号 条形码 馆藏地/架位号 状态 备注
1 7202101   272021000   密集书库-物理学院/ [索取号:TM33-64/P7:8] 在馆    
2 7202102   272021019   密集书库-文学院/ [索取号:TM33-64/P7:8] 在馆    
3 7202103   272021028   密集书库-物理学院/ [索取号:TM33-64/P7:8] 在馆    
4 7202104   272021037   密集书库-物理学院/ [索取号:TM33-64/P7:8] 在馆    
5 7202105   272021046   密集书库-文学院/ [索取号:TM33-64/P7:8] 在馆    
唐山师范学院图书馆 欢迎您!
大连网信软件有限公司© 版权所有